| 000 | 005750000a22001810004500 | ||
|---|---|---|---|
| 003 | MACL | ||
| 005 | 20160329165344.0 | ||
| 008 | 160329b xxu||||| |||| 00| 0 eng d | ||
| 040 |
_aMACL _cMACL |
||
| 041 | _aHindi | ||
| 082 | _a300 | ||
| 100 |
_aशर्मा आर. डी _948772 |
||
| 245 | _aसमाजशास्त्र के सिद्धान्त | ||
| 260 |
_aनई दिल्ली _bमोहित बुक्स _c2010 |
||
| 350 | _a150 | ||
| 650 |
_aसमाज शास्त्र _936356 |
||
| 942 |
_cHIN _k741.642 _2ddc |
||
| 999 |
_c46954 _d46954 |
||